| 000 | 00479nam a2200109Ia 4500 | ||
|---|---|---|---|
| 008 | 160909s9999 xx 000 0 und d | ||
| 100 | _aAubrey-Martinez, Carey. | ||
| 245 | _aCooperative learning activities in social studies classrooms and the effect on self-determination for students with and without Individualized Education Programs (IEPs) | ||
| 260 |
_bWayne State University _c2016 |
||
| 650 | _aEDUC/SPED | ||
| 856 | _uhttp://pqdtopen.proquest.com/doc/1790627316.html?FMT=ABS | ||
| 999 |
_c304994 _d304994 |
||